MARC details
| 000 -CABECERA |
| campo de control de longitud fija |
00882cam a2200241 a 4500 |
| 001 - NÚMERO DE CONTROL |
| campo de control |
000005129 |
| 005 - FECHA Y HORA DE LA ÚLTIMA TRANSACCIÓN |
| campo de control |
20200929151603.0 |
| 008 - DATOS DE LONGITUD FIJA--INFORMACIÓN GENERAL |
| campo de control de longitud fija |
970922s1996 ck a b 000 p spa d |
| 010 ## - NÚMERO DE CONTROL DE LA BIBLIOTECA DEL CONGRESO |
| Número de control de LC |
97198382 |
| 040 ## - FUENTE DE LA CATALOGACIÓN |
| Centro catalogador/agencia de origen |
DO-SdBNP |
| Centro/agencia transcriptor |
EYM |
| Centro/agencia modificador |
CUY |
| -- |
EL |
| -- |
dOCL |
| Centro/agencia modificador |
DIBAM |
| -- |
DLC |
| 082 ## - NÚMERO DE LA CLASIFICACIÓN DECIMAL DEWEY |
| Número de clasificación |
C861.08 |
| Número de documento/Ítem |
L697n |
| 049 ## - FONDOS LOCALES (OCLC) |
| Fondos de biblioteca |
BNGR |
| 245 00 - MENCIÓN DE TÍTULO |
| Título |
Libro de los nocturnos / |
| Mención de responsabilidad, etc. |
prólogo, selección y notas de Vicente Perez Silva. |
| 260 ## - PUBLICACIÓN, DISTRIBUCIÓN, ETC. |
| Lugar de publicación, distribución, etc. |
Santafé de Bogotá : |
| Nombre del editor, distribuidor, etc. |
Instituto Caro y Cuervo, |
| Fecha de publicación, distribución, etc. |
1996. |
| 300 ## - DESCRIPCIÓN FÍSICA |
| Extensión |
185 p. : |
| Otras características físicas |
il. ; |
| Dimensiones |
25 cm. |
| 504 ## - NOTA DE BIBLIOGRAFÍA, ETC. |
| Nota de bibliografía, etc. |
Incluye referencias bibliográficas |
| 650 #4 - PUNTO DE ACCESO ADICIONAL DE MATERIA--TÉRMINO DE MATERIA |
| Término de materia o nombre geográfico como elemento de entrada |
Poesía colombiana |
| Subdivisión cronológica |
SIGLO XX |
| Subdivisión general |
Colecciónes de escritos |
| 9 (RLIN) |
14687 |
| 650 #4 - PUNTO DE ACCESO ADICIONAL DE MATERIA--TÉRMINO DE MATERIA |
| Término de materia o nombre geográfico como elemento de entrada |
Poesía amorosa colombiana |
| Subdivisión general |
Colecciones de escritos |
| 9 (RLIN) |
14688 |
| 650 #4 - PUNTO DE ACCESO ADICIONAL DE MATERIA--TÉRMINO DE MATERIA |
| Término de materia o nombre geográfico como elemento de entrada |
Noche |
| Subdivisión de forma |
POESÍA |
| 9 (RLIN) |
14689 |
| 650 #4 - PUNTO DE ACCESO ADICIONAL DE MATERIA--TÉRMINO DE MATERIA |
| Término de materia o nombre geográfico como elemento de entrada |
Literatura colombiana |
| 9 (RLIN) |
1244 |
| 700 1# - PUNTO DE ACCESO ADICIONAL--NOMBRE DE PERSONA |
| Nombre de persona |
Pérez Silva, Vicente. |
| Término indicativo de función/relación |
prol. |
| 9 (RLIN) |
14690 |
| 910 ## - DATOS DE OPCIÓN DEL USUARIO (OCLC) |
| Datos de opción del usuario |
Catalogación por copia / LC |